| 000 | 01139nam0a22002771 4500 | ||
|---|---|---|---|
| 001 | v19\rc\1817983 | ||
| 005 | 20250619132254.0 | ||
| 035 | _a(NLR Aleph) 004916403 | ||
| 090 |
_a5531534 _c5531534 |
||
| 100 | _a20071224d1907 |||y0rusy50 ca | ||
| 101 | 0 | _arus | |
| 102 | _aRU | ||
| 105 | _aa z ||||| | ||
| 200 | 1 |
_aКак сделать стереоскоп _eРуководство к самостоятельной постройке стереоскопа и пользованию им _eС 15 рис. в тексте и одной литогр. табл. шаблонов стереоскопа _fМ. Миттаг |
|
| 210 |
_aСанкт-Петербург _cА.Ф. Сухова _d1907 |
||
| 215 |
_a19 с., 1 л. черт. _cил. _d23 |
||
| 300 | _aУказанная на тит. л. табл. отсутствует | ||
| 316 |
_aЭкз. РНБ (121/442): деф.: отсутствует обл. _5NLR: 121/442 |
||
| 700 | 1 |
_aМиттаг _bМ. |
|
| 801 | 0 |
_aRU _bNLR _gpsbo |
|
| 801 | 0 |
_aRU _bRuMoRGB _2psbo |
|
| 801 | 1 |
_aRU _bProSoft-M _2rusmarc |
|
| 852 |
_aNLR _j121/442 |
||
| 899 |
_aRuMoRGB _jO 33/43 |
||
| 942 | _cBOOK | ||
| 980 | _aNB | ||